| 000 | 00638nam a2200241Ia 4500 | ||
|---|---|---|---|
| 003 | OSt | ||
| 005 | 20221005100124.0 | ||
| 006 | a|||||r|||| 00| 0 | ||
| 007 | ta | ||
| 008 | 221004b |||||||| |||| 00| 0 tel d | ||
| 024 | _a39997 | ||
| 037 | _cTextual | ||
| 040 |
_aCRL _cCRL _btel |
||
| 041 |
_2tel _atel |
||
| 082 | _aO155vN3, G9 | ||
| 100 |
_aJoshi C.N. _9620761 |
||
| 245 | 0 | _aMarathvadyatiarrachin marathi | |
| 260 |
_apune _byashwant gopal India _c1980 |
||
| 300 |
_a372p. _ccm. |
||
| 650 |
_aMARATHI LITERATURE _938000 |
||
| 942 |
_hO155vN3, G9 _cTEXL _2cc |
||
| 999 |
_c1004727 _d1004727 |
||